000 00682 a2200205 4500
003 Nust
005 20201120140510.0
038 _awaseem
040 _cNust
082 _a621.382
100 _aQayyum, Amna (MSEE-17)
_935474
245 _aMulti user detection of Overloaded mimo systems using network coding
_cAmna Qayyum
260 _aRawalpindi
_bMCS (NUST)
_c2014
300 _axiv,54, p.;
505 _aIntroduction (Page-1) Background (Page-7) Simple overloaded systems (Page-30) Performance evaluation (Page-37) Summary and future work (Page-47)
538 _aAlmirah No. 69 Shelf No. 3
650 _aPG Thesis
_935000
651 _aMSEE-17
_935169
942 _cTHE
_2ddc
999 _c215402
_d215402